Routledge encyclopedia of philosophy (Record no. 3421)

MARC details
000 -LEADER
fixed length control field 00924nam a2200145Ia 4500
020 ## - INTERNATIONAL STANDARD BOOK NUMBER
ISBN 0415-07310-3
082 ## - DEWEY DECIMAL CLASSIFICATION NUMBER
Classification number RR 103 ROU;
245 #0 - TITLE STATEMENT
Title Routledge encyclopedia of philosophy
260 ## - PUBLICATION, DISTRIBUTION, ETC. (IMPRINT)
Place of publication London
Name of publisher Routledge
Year of publication 1998
500 ## - GENERAL NOTE
General note Contents: 10v. vol.1.(A posteriori - Bardwardine, Thomas), (li, 867p.) - v.2.(Brahman - Derrda, Jacques), (xxii, 901p.) - v.3.(Descartes, Rene - Gender and science), (xxii, 868p.) - v.4.(Genealogy - Iqbal, Muhammad), (xxii, 868p.) - v.5.(Irigaray, Lushi - Lushi chunqiu), (xxii, 865p.) - v.6.(Luther, Martin - Nifo, Agostino), (xxii, 872p.) - v.7.(Nihilism - Quantum mechanics, interpretation of), (xxii, 895p.) - v.8.(Questions - Sociology), (xxii, 896p.) - v. 9.(Sociology of knowledge - Zoroastrianism), (xxii, 874p.) - v.10.(List of contributors and entries), (lix, 455p.)
504 ## - BIBLIOGRAPHY, ETC. NOTE
Bibliography, etc Includes index
650 ## - SUBJECT ADDED ENTRY--TOPICAL TERM
Topical Term Philosophy - Encyclopedias
700 ## - ADDED ENTRY--PERSONAL NAME
Personal name Craig, Edward
942 ## - ADDED ENTRY ELEMENTS (KOHA)
Koha item type Books
Source of classification or shelving scheme Dewey Decimal Classification
Holdings
Withdrawn status Lost status Damaged status Not for loan Home library Current library Date acquired Serial Enumeration / chronology Bill Date Full call number Accession Number Price effective from Koha item type
        NASSDOC Library NASSDOC Library 09/09/2004 V.1 2004-10-05 RR 103 ROU; 39528 18/04/2019 Books
        NASSDOC Library NASSDOC Library 09/09/2004 V.2 2004-10-05 RR 103 ROU; 39529 18/04/2019 Books
        NASSDOC Library NASSDOC Library 09/09/2004 V.3 2004-10-05 RR 103 ROU; 39530 18/04/2019 Books
        NASSDOC Library NASSDOC Library 09/09/2004 V.4 2004-10-05 RR 103 ROU; 39531 18/04/2019 Books
        NASSDOC Library NASSDOC Library 09/09/2004 V.5 2004-10-05 RR 103 ROU; 39532 18/04/2019 Books
        NASSDOC Library NASSDOC Library 09/09/2004 V.6 2004-10-05 RR 103 ROU; 39533 18/04/2019 Books
        NASSDOC Library NASSDOC Library 09/09/2004 V.7 2004-10-05 RR 103 ROU; 39534 18/04/2019 Books
        NASSDOC Library NASSDOC Library 09/09/2004 V.8 2004-10-05 RR 103 ROU; 39535 18/04/2019 Books
        NASSDOC Library NASSDOC Library 09/09/2004 V.9 2004-10-05 RR 103 ROU; 39536 18/04/2019 Books
        NASSDOC Library NASSDOC Library 09/09/2004 V.10 2004-10-05 RR 103 ROU; 39537 18/04/2019 Books